000 01129nam a2200253Ia 4500
999 _c51620
_d51620
001 18611
003 GE_BSU
005 20230915153242.0
008 181216s2012||||ge |||||||||||||| ||geo||
020 _a9789941920080
040 _cGE_BSU
041 _ageo
080 _a336.14(075.8) მ-58
100 _aმესხია, იაკობ
_919825
245 _aსაჯარო ფინანსები :
_bგადასახადები და ბიუჯეტი /
_cიაკობ მესხია, დავით ჭიოტაშვილი; [რედ. გედევან ხელაია].
264 _aთბილისი,
_c2012.
300 _a618 გვ.;
_b20 სმ.
653 _aეკონომიკა
653 _aსაჯარო ფინანსები
653 _aსახელმწიფო ბიუჯეტი. გადასახადები
700 _aჭიოტაშვილი, დავით
_eავტორი
_919826
700 _aხელაია, გედევან
_eრედაქტორი
_919827
942 _cBK
_2udc